| 000 | 01324nam a2200277 i 4500 | ||
|---|---|---|---|
| 003 | EG-ScBUE | ||
| 005 | 20231123120313.0 | ||
| 008 | 110822n199u ts ab af b 000 0 ara d | ||
| 040 |
_aEG-ScBUE _bara _erda _cEG-ScBUE _dEG-ScBUE |
||
| 043 | _aa-ts--- | ||
| 082 | 0 | 4 |
_222 _a953.57 _bت د م |
| 100 | 1 |
_926829 _aتدمري، أحمد جلال، _eمؤلف. |
|
| 245 | 1 | 2 |
_aالجزر العربية الثلاث : _bدراسة وثائقية / _cتأليف أحمد جلال التدمري ؛ تقديم وإشراف صاحب السمو الشيخ خالد بن صقر القاسمي، ولي العهد نائب الحاكم. |
| 264 | 1 |
_aرأس الخيمة : _bمطبعة رأس الخيمة الوطنية، _c[199-؟] |
|
| 300 |
_a452 صفحة : _bإيضاحيات، خرائط ؛ _c24 سم |
||
| 336 |
_2rdacontent _aنص _btxt |
||
| 337 |
_aبدون وسيط _2rdamedia _bn |
||
| 338 |
_aمجلد _bnc _2rdacarrier |
||
| 504 | _aيشتمل على إرجاعات ببليوجرافية. | ||
| 651 | 7 |
_2BUEsh _aالإمارات العربية المتحدة _xتاريخ. |
|
| 651 | 7 |
_2BUEsh _aالإمارات العربية المتحدة _xحدود سياسية. |
|
| 653 | _cAugust2011 | ||
| 655 | _vReading book | ||
| 700 | 1 |
_926830 _aقاسمي، خالد بن صقر، _eمقدم، _eمشرف. |
|
| 942 |
_2ddc _cBB |
||
| 999 |
_c15888 _d15888 |
||